| 000 | 00927nam a22001577a 4500 | ||
|---|---|---|---|
| 999 |
_c216294 _d216294 |
||
| 005 | 20260218092544.0 | ||
| 022 | _a1934-8835 | ||
| 050 | _ahttps://www.emeraldgrouppublishing.com/journal/ijoa | ||
| 245 | _aInternational Journal of Organizational Analysis | ||
| 260 |
_bemerald _c2025 |
||
| 310 |
_aquarterly _b2025 |
||
| 520 | _aThis paper aims to examine Frederick W. Taylor’s role in institutionalising scientific management through the lens of institutional entrepreneurship. By analysing Taylor’s efforts in disrupting existing management norms and introducing new practices, this study provides insights into how his actions catalysed institutional change and the broader implications for management practices. | ||
| 650 | _2Strategic and change management. | ||
| 856 | _ahttps://www.emerald.com/ijoa/article/33/11/4287/1258760/Scientific-management-reimagined-an-institutional?searchresult=1 | ||
| 942 | _cE-RESOURCE | ||